| 000 | 00422nam a22001697a 4500 | ||
|---|---|---|---|
| 005 | 20251108175623.0 | ||
| 008 | 250721s2017 xx 000 0 eng d | ||
| 082 | 1 | 4 | _aJ/F/ADV |
| 245 | 1 | 0 | _aPINOCCHIO / |
| 264 |
_bHome Applied Training, _c2017. |
||
| 300 | _a32p | ||
| 490 | 0 |
_aGraded Readers _vLevel 5 |
|
| 650 | 1 | 7 | _aFiction |
| 653 | _aناشؤون صغار (10-14) سنة | ||
| 942 |
_2ddc _cBK |
||
| 999 |
_c138437 _d138437 |
||